Analýza správania v elektronickom obchode

Enregistré dans:
Détails bibliographiques
Auteur principal: Rafčíková, Katarína (Auteur)
Autres auteurs: Kuric, Eduard (Directeur de thèse)
Format: Manuscrit Livre
Langue:slovaque
anglais
Publié: 2020
Sujets:
Accès en ligne:http://is.stuba.sk/zp/portal_zp.pl?podrobnosti=151477
Tags: Ajouter un tag
Pas de tags, Soyez le premier à ajouter un tag!

MARC

LEADER 00000ntm a22000003a 4500
001 stuzp80748
003 SK-STU
005 20200613213200.7
007 ta
008 150427s2015----xo-----f-mn---000-0-slo-d
040 |a STU  |b slo 
041 0 |a eng 
100 1 |a Rafčíková, Katarína  |u 070200  |k Z4  |4 aut  |U FIIT Fakulta informatiky a informačných technológií  |T FIIT Ústav informatiky, informačných systémov a softvérového inžinierstva  |X 74197  |U I200  |Y 179  |7 74197 
242 0 1 |a Analýza správania v elektronickom obchode  |y slo 
245 1 0 |a Analýza správania v elektronickom obchode 
260 |c 2020 
650 4 |a analýza dát  |2 slo 
650 4 |a strojové učenie  |2 slo 
650 4 |a predikcia nákupneho zámeru  |2 slo 
650 4 |a analýza správania zákazníka  |2 slo 
650 4 |a machine learning  |2 eng 
650 4 |a data analysis  |2 eng 
650 4 |a customer behavior analysis  |2 eng 
650 4 |a purchase intent prediction  |2 eng 
700 1 |a Kuric, Eduard  |u 070200  |k Z1  |4 ths  |U FIIT Fakulta informatiky a informačných technológií  |T FIIT Ústav informatiky, informačných systémov a softvérového inžinierstva  |X 17452  |U I200  |Y 179  |7 17452 
856 4 |u http://is.stuba.sk/zp/portal_zp.pl?podrobnosti=151477